Trece casos misteriosos

Saved in:
Bibliografiske detaljer
Main Authors: Balcells, Jacqueline (Author), Güiraldes, Ana María (Author)
Format: Bog
Sprog:spansk
Udgivet: Santiago Andrés Bello 2005
Udgivelse:19a. ed
Serier:Nivel 3, 95
Fag:
Tags: Tilføj Tag
Ingen Tags, Vær først til at tagge denne postø!

MARC

LEADER 00000cam a2200000 a 4500
001 UCC3905
003 CL-VaPUC
008 180622e20050000cl |||||||||||||||||spa|d
020 |a 9561308924 
082 0 4 |a Ch863  |b BAL  |2 21 
100 0 |a Balcells, Jacqueline  |e author  |9 598004 
700 |a Güiraldes, Ana María  |e author  |9 571895 
245 1 0 |a Trece casos misteriosos 
250 |a 19a. ed 
300 |a 117 p 
942 |c BK 
945 |d 20180622 13:48:00  |a arojas 
260 |a Santiago  |b Andrés Bello  |c 2005 
650 0 |a Literatura chilena   |9 308278 
650 0 |a Novelas chilenas   |9 265425 
650 0 |a Cuentos chilenos   |9 308280 
583 |a last modification  |c 20180622 13:48:00  |k Rodrigo Vera 
490 0 |a Nivel 3, 95 
999 |c 371553  |d 371551